<?xml version="1.0" encoding="UTF-8"?>
<record
    xmlns:xsi="http://www.w3.org/2001/XMLSchema-instance"
    xsi:schemaLocation="http://www.loc.gov/MARC21/slim http://www.loc.gov/standards/marcxml/schema/MARC21slim.xsd"
    xmlns="http://www.loc.gov/MARC21/slim">

  <leader>03477nam a2200289 a 4500</leader>
  <controlfield tag="003">OSt</controlfield>
  <controlfield tag="005">20251111111322.0</controlfield>
  <controlfield tag="007">cr ||||||a|c|a</controlfield>
  <controlfield tag="008">230511s2019    mx a|||fom||| 001 0 spa d</controlfield>
  <datafield tag="040" ind1=" " ind2=" ">
    <subfield code="e">rda</subfield>
  </datafield>
  <datafield tag="100" ind1="1" ind2=" ">
    <subfield code="9">186968</subfield>
    <subfield code="a">Vicente Rivera, Erica</subfield>
  </datafield>
  <datafield tag="245" ind1="1" ind2="0">
    <subfield code="a">Anatom&#xED;a y fisiolog&#xED;a de la semilla de tejoruco "Genipa americana L." de Guerrero /</subfield>
    <subfield code="c">por Erica Vicente Rivera; director de tesis Jos&#xE9; Rico Cerda.</subfield>
  </datafield>
  <datafield tag="264" ind1=" " ind2="1">
    <subfield code="a">Chapingo, M&#xE9;xico :</subfield>
    <subfield code="b">El autor,</subfield>
    <subfield code="c">2019.</subfield>
  </datafield>
  <datafield tag="300" ind1=" " ind2=" ">
    <subfield code="a">1 recurso en l&#xED;nea (105 p&#xE1;ginas):</subfield>
    <subfield code="b">figuras, cuadros.</subfield>
  </datafield>
  <datafield tag="336" ind1=" " ind2=" ">
    <subfield code="2">rdacontent</subfield>
    <subfield code="a">texto</subfield>
    <subfield code="b">txt</subfield>
  </datafield>
  <datafield tag="337" ind1=" " ind2=" ">
    <subfield code="2">rdamedia</subfield>
    <subfield code="a">computadora</subfield>
    <subfield code="b">c</subfield>
  </datafield>
  <datafield tag="338" ind1=" " ind2=" ">
    <subfield code="2">rdacarrier</subfield>
    <subfield code="a">recurso en l&#xED;nea</subfield>
    <subfield code="b">cr</subfield>
  </datafield>
  <datafield tag="502" ind1=" " ind2=" ">
    <subfield code="b">IF</subfield>
    <subfield code="c">DICIFO</subfield>
    <subfield code="d">2019.</subfield>
    <subfield code="g">LIC</subfield>
  </datafield>
  <datafield tag="504" ind1=" " ind2=" ">
    <subfield code="a">Incluye referencias bibliogr&#xE1;ficas: p&#xE1;ginas 93-100.</subfield>
  </datafield>
  <datafield tag="520" ind1=" " ind2=" ">
    <subfield code="a">Se realiz&#xF3; un estudio para describir la anatom&#xED;a, estructura y evaluar la viabilidad y germinaci&#xF3;n de tejoruco, Genipa americana L., as&#xED; como identificar en qu&#xE9; parte de la semilla se localiza el pigmento genipina, se usaron dos lotes de semillas, uno de Santa Cruz del Rinc&#xF3;n, Malinaltepec y otro de Ocotito, Chilpancingo de los Bravo, ambos del estado de Guerrero, colectados el 26 de marzo y 8 de septiembre de 2018 respectivamente. Se realizaron an&#xE1;lisis f&#xED;sicos como peso, pureza, contenido de humedad y pruebas de germinaci&#xF3;n. Esta &#xFA;ltima se realiz&#xF3; en una c&#xE1;mara de ambiente controlado con 12 horas de luz a 25&#xB0;C y 12 horas de oscuridad con 20&#xB0;C, el criterio utilizado fue el tama&#xF1;o de la rad&#xED;cula. Los resultados obtenidos demuestran que la longevidad de la semilla fue variable, ya que se obtuvo una de germinaci&#xF3;n del 31.75% de Santa Cruz del Rinc&#xF3;n y el 80.5% en aquellas provenientes de Ocotito. El fruto es una baya globosa con olor caracter&#xED;stico, la semilla presenta una cubierta protectora, delgada, color amarillo ocre y textura ligeramente rugosa. Se usaron colorantes para contrastar las estructuras y se elaboraron preparaciones permanentes y temporales por medio de t&#xE9;cnicas histol&#xF3;gicas. Para la tinci&#xF3;n de las preparaciones estuvieron sumergidas en componentes para su desparafinaci&#xF3;n, hidrataci&#xF3;n y tinci&#xF3;n en diferentes tiempos, el montaje permanente se realiz&#xF3; utilizando resina sint&#xE9;tica y resguardado en un horno de convecci&#xF3;n a 45&#xB0;C. Se hicieron observaciones de las preparaciones en microscopio de campo claro y tambi&#xE9;n en un microscopio de fluorescencia, en ambos se identific&#xF3; la testa, los tejidos nutricios como el endospermo y los cotiledones; se reconoci&#xF3; el embri&#xF3;n constituido por el eje primario o tallo embrionario, el epic&#xF3;tilo con la yema apical, el hipoc&#xF3;tilo en contacto con la rad&#xED;cula. Con el objetivo de mayor aumento se observ&#xF3; la protodermis, el procambium, fases mit&#xF3;ticas y el sistema vascular primario. Las preparaciones para microscop&#xED;a de fluorescencia fueron temporales y se utilizaron diferentes colorantes como Naranja G y Rodamina 6G. Fueron observadas mediante el filtro verde del microscopio de fluorescencia compuesto, se identific&#xF3; que el pigmento genipina se encuentra en el endospermo, en las zonas cercanas a la cubierta seminal.</subfield>
  </datafield>
  <datafield tag="650" ind1=" " ind2="0">
    <subfield code="a">Genipa americana L.</subfield>
    <subfield code="9">186969</subfield>
  </datafield>
  <datafield tag="650" ind1=" " ind2="4">
    <subfield code="9">103902</subfield>
    <subfield code="a">Semillas</subfield>
    <subfield code="x">Fisiolog&#xED;a y morfolog&#xED;a</subfield>
  </datafield>
  <datafield tag="650" ind1=" " ind2="4">
    <subfield code="9">103933</subfield>
    <subfield code="a">Semillas</subfield>
    <subfield code="x">Viabilidad</subfield>
  </datafield>
  <datafield tag="700" ind1="1" ind2=" ">
    <subfield code="9">97321</subfield>
    <subfield code="a">Rico Cerda, Jos&#xE9;</subfield>
    <subfield code="e">director.</subfield>
  </datafield>
  <datafield tag="856" ind1=" " ind2=" ">
    <subfield code="u">http://10.13.5.2/tesis/tl/Vicente_Rivera_Erica.pdf</subfield>
    <subfield code="z">DESCARGAR PDF</subfield>
  </datafield>
  <datafield tag="942" ind1=" " ind2=" ">
    <subfield code="2">Clasificaci&#xF3;n Universidad Aut&#xF3;noma Chapingo</subfield>
    <subfield code="c">TD</subfield>
  </datafield>
  <datafield tag="999" ind1=" " ind2=" ">
    <subfield code="c">218725</subfield>
    <subfield code="d">218725</subfield>
  </datafield>
  <datafield tag="952" ind1=" " ind2=" ">
    <subfield code="0">0</subfield>
    <subfield code="1">0</subfield>
    <subfield code="2">local</subfield>
    <subfield code="4">0</subfield>
    <subfield code="5">1</subfield>
    <subfield code="7">0</subfield>
    <subfield code="8">TesDigL</subfield>
    <subfield code="a">BD</subfield>
    <subfield code="b">BD</subfield>
    <subfield code="c">E_L</subfield>
    <subfield code="d">2023-05-11</subfield>
    <subfield code="l">0</subfield>
    <subfield code="o">Tesis digital</subfield>
    <subfield code="r">2023-05-11 00:00:00</subfield>
    <subfield code="w">2023-05-11</subfield>
    <subfield code="y">TD</subfield>
  </datafield>
</record>
